Statistics for Guess the Disney scene #2

Click here to take the quiz!

General Stats

  • This quiz has been taken 13 times
  • The average score is 8 of 15

Answer Stats

Answer% Correct
Winnie the Pooh
100%
Dinosaur
82%
the Incredibles
82%
Dumbo
73%
The little mermaid
73%
Monsters Inc
64%
Robin Hood
64%
the Rescuers
55%
UP
55%
Finding Dory
45%
the Fox and the Hound
45%
Aristocats
36%
Light Year
27%
Home on the range
18%
Lilo and Stich
18%

Score Distribution

Percentile by Number Answered

Percent of People with Each Score

Your Score History

You have not taken this quiz